header

Criminality, public security, and the challenge to democracy in Latin America (Record no. 141688)

MARC details
000 -LEADER
fixed length control field 01630nam a2200373 a 4500
082 04 - DEWEY DECIMAL CLASSIFICATION NUMBER
Classification number 364.98
245 00 - TITLE STATEMENT
Title Criminality, public security, and the challenge to democracy in Latin America
260 ## - PUBLICATION, DISTRIBUTION, ETC. (IMPRINT)
Place of publication Notre Dame, Ind. :
Name of publisher University of Notre Dame Press,
Year of publication c2009.
300 ## - PHYSICAL DESCRIPTION
Number of Pages xiv, 344 p. :
Other physical details ill., maps.
490 0# - SERIES STATEMENT
Series statement From the Helen Kellogg Institute for International Studies
500 ## - GENERAL NOTE
General note "Recent titles from the Helen Kellogg Institute for International Studies"--P. facing t.p.
650 #0 - SUBJECT ADDED ENTRY--TOPICAL TERM
Topical Term Criminal statistics
Topical Term Democracy
700 1# - ADDED ENTRY--PERSONAL NAME
Personal name Bergman, Marcelo.
Personal name Whitehead, Laurence.
856 40 - ELECTRONIC LOCATION AND ACCESS
Uniform Resource Identifier http://site.ebrary.com/lib/rucke/Doc?id=10423319

No items available.

© 2026 Rongo University
Contact us: librarian | system librarian | Rongo university